[Event "Las Palmas"]
[Site "Las Palmas"]
[Date "2008.05.04"]
[Round "9"]
[White "Vega Gutierrez, Belinda Vidina"]
[Black "Garcia, Omar Alejandro"]
[Result "1/2-1/2"]
[WhiteElo "2145"]
[BlackElo "2338"]
[PlyCount "48"]
[EventDate "2008.04.28"]
[EventType "tourn"]
[EventRounds "9"]
[EventCountry "ESP"]
[SourceTitle "CBM 124 Extra"]
[Source "ChessBase"]
[SourceDate "2008.07.03"]
[SourceVersion "1"]
[SourceVersionDate "2008.07.03"]
[SourceQuality "1"]

1. e4 e5 2. Nf3 Nc6 3. Bb5 Nf6 4. 0-0 Nxe4 5. d4 Nd6 6. Bxc6 dxc6 7. dxe5 Nf5 8. Qxd8+ Kxd8 9. Nc3 h6 10. b3 Be6 11. Bb2 Kc8 12. h3 c5 13. Rad1 Ne7 14. Ne4 b6 15. c4 Kb7 16. Nh2 g6 17. Ng4 Bg7 18. Ngf6 Rhd8 19. g4 Nc6 20. f4 Rxd1 21. Rxd1 Rd8 22. Rxd8 Nxd8 23. Kf2 Nc6 24. Ke3 Ne7 1/2-1/2

[Event "Las Palmas"]
[Site "Las Palmas"]
[Date "2008.05.01"]
[Round "5"]
[White "Garcia, Omar Alejandro"]
[Black "Camino Carrio, Nicanor"]
[Result "1-0"]
[WhiteElo "2338"]
[BlackElo "2156"]
[PlyCount "89"]
[EventDate "2008.04.28"]
[EventType "tourn"]
[EventRounds "9"]
[EventCountry "ESP"]
[SourceTitle "CBM 124 Extra"]
[Source "ChessBase"]
[SourceDate "2008.07.03"]
[SourceVersion "1"]
[SourceVersionDate "2008.07.03"]
[SourceQuality "1"]

1. e4 c5 2. c3 d6 3. d4 Nf6 4. Bd3 g6 5. dxc5 dxc5 6. e5 Nd5 7. Be4 Nb6 8. Qxd8+ Kxd8 9. Na3 a6 10. Be3 e6 11. f4 Kc7 12. 0-0-0 Nc6 13. Nf3 h6 14. Ne1 Nd5 15. Bxd5 exd5 16. Rxd5 Be6 17. c4 Bxd5 18. cxd5 Nb4 19. d6+ Kc6 20. Nf3 b5 21. g3 g5 22. fxg5 hxg5 23. Bxg5 Bh6 24. Kb1 Bxg5 25. Nxg5 Raf8 26. Nf3 Nd3 27. Rd1 c4 28. b3 Kd5 29. Kc2 Ke4 30. Nd2+ Kxe5 31. Ndxc4+ bxc4 32. Nxc4+ Ke4 33. Rxd3 Rxh2+ 34. Kc3 Rh5 35. Rd4+ Kf3 36. d7 Kxg3 37. d8Q Rxd8 38. Rxd8 f5 39. Rg8+ Kh2 40. Rf8 Kg3 41. Kd4 f4 42. Ne5 a5 43. Ke4 Rh4 44. Rg8+ Kh3 45. Nf3 1-0

[Event "Las Palmas"]
[Site "Las Palmas"]
[Date "2008.04.28"]
[Round "1"]
[White "Garcia, Omar Alejandro"]
[Black "Natalicchio Escalante, Nicolas"]
[Result "1/2-1/2"]
[WhiteElo "2338"]
[BlackElo "2234"]
[PlyCount "24"]
[EventDate "2008.04.28"]
[EventType "tourn"]
[EventRounds "9"]
[EventCountry "ESP"]
[SourceTitle "CBM 124 Extra"]
[Source "ChessBase"]
[SourceDate "2008.07.03"]
[SourceVersion "1"]
[SourceVersionDate "2008.07.03"]
[SourceQuality "1"]

1. e4 c6 2. d4 d5 3. exd5 cxd5 4. c4 Nf6 5. Nc3 Nc6 6. Bg5 e6 7. Nf3 Be7 8. Be2 0-0 9. 0-0 dxc4 10. Bxc4 Nb4 11. Re1 b6 12. Qb3 Nc6 1/2-1/2

[Event "Moncada Cup 2nd"]
[Site "Santiago de Cuba"]
[Date "2004.??.??"]
[Round "?"]
[White "Garcia, Omar Alejandro"]
[Black "Martinez Duany, Lelys Stanley"]
[Result "1/2-1/2"]
[WhiteElo "2365"]
[BlackElo "2373"]
[PlyCount "77"]
[EventDate "2004.06.04"]
[EventType "tourn"]
[EventRounds "13"]
[EventCountry "CUB"]
[EventCategory "6"]
[SourceTitle "CBM 100 Extra"]
[Source "ChessBase"]
[SourceDate "2004.07.06"]
[SourceVersion "2"]
[SourceVersionDate "2004.07.06"]
[SourceQuality "1"]

1. d4 Nf6 2. Nf3 g6 3. c4 Bg7 4. g3 0-0 5. Bg2 d6 6. 0-0 Nc6 7. Nc3 a6 8. h3 Rb8 9. e4 e5 10. d5 Ne7 11. Ne1 Nd7 12. Nd3 f5 13. f4 exf4 14. Bxf4 b5 15. cxb5 axb5 16. a3 Nf6 17. e5 Nh5 18. Qe1 Nxf4 19. gxf4 Bb7 20. Nb4 c5 21. dxc6 Nxc6 22. Nxc6 Bxc6 23. e6 Qb6+ 24. Kh2 Bxg2 25. Kxg2 Rbe8 26. Nd5 Qd4 27. Rd1 Qxb2+ 28. Rd2 Qxa3 29. e7 Rf7 30. Qe6 Qa4 31. Re2 b4 32. Rf3 b3 33. Rxb3 Qxb3 34. Nf6+ Bxf6 35. Qxb3 Rexe7 36. Rd2 Kg7 37. Rxd6 Re2+ 38. Kf3 Rfe7 39. Rd7 1/2-1/2

[Event "Moncada Cup 2nd"]
[Site "Santiago de Cuba"]
[Date "2004.??.??"]
[Round "?"]
[White "Leon Hoyos, Manuel"]
[Black "Garcia, Omar Alejandro"]
[Result "1/2-1/2"]
[WhiteElo "2286"]
[BlackElo "2365"]
[PlyCount "141"]
[EventDate "2004.06.04"]
[EventType "tourn"]
[EventRounds "13"]
[EventCountry "CUB"]
[EventCategory "6"]
[SourceTitle "CBM 100 Extra"]
[Source "ChessBase"]
[SourceDate "2004.07.06"]
[SourceVersion "2"]
[SourceVersionDate "2004.07.06"]
[SourceQuality "1"]

1. e4 c5 2. Nf3 e6 3. d4 cxd4 4. Nxd4 Nf6 5. Nc3 Nc6 6. Nxc6 bxc6 7. e5 Nd5 8. Ne4 Qc7 9. f4 Qb6 10. c4 Ne3 11. Qd3 Nf5 12. b3 h5 13. g3 a5 14. Rb1 a4 15. b4 Bxb4+ 16. Ke2 a3 17. Bg2 0-0 18. Bxa3 c5 19. Rhd1 Ra4 20. Qb3 Qa7 21. Nxc5 Rxa3 22. Qxb4 Ra5 23. Nb3 Rxa2+ 24. Rd2 Qe3+ 25. Kf1 Rxd2 26. Qxd2 Ba6 27. Qxe3 Nxe3+ 28. Kf2 Nxg2 29. Nd2 Nxf4 30. gxf4 Rc8 31. Rb4 f6 32. Ke3 fxe5 33. fxe5 Rc7 34. Ra4 Rc6 35. Kd4 Bb7 36. Rb4 Rc7 37. Nb3 h4 38. Nc5 Bc6 39. Nd3 Rc8 40. Rb2 Rf8 41. Kc5 Rf1 42. Nb4 Bf3 43. Kd6 Rd1+ 44. Ke7 g5 45. Na6 g4 46. Rf2 Kg7 47. Nc5 Kg6 48. Nxd7 Kf5 49. Nf8 Kxe5 50. Ng6+ Kd4 51. Nxh4 Ke3 52. Ra2 e5 53. Ke6 e4 54. Nf5+ Kf4 55. Ng3 e3 56. Ra5 e2 57. Re5 Bd5+ 58. cxd5 e1Q 59. Rxe1 Rxe1+ 60. Kf6 Rd1 61. Ke6 Rd2 62. d6 Rxh2 63. d7 Rh6+ 64. Kd5 Rh8 65. Ne2+ Ke3 66. Ng3 Kf3 67. Nf5 Kf4 68. Nd4 g3 69. Ne2+ Kf3 70. Nxg3 Kxg3 71. Kd6 1/2-1/2

[Event "Moncada Cup 2nd"]
[Site "Santiago de Cuba"]
[Date "2004.??.??"]
[Round "?"]
[White "Zambrana, Oswaldo"]
[Black "Garcia, Omar Alejandro"]
[Result "1/2-1/2"]
[WhiteElo "2472"]
[BlackElo "2365"]
[PlyCount "41"]
[EventDate "2004.06.04"]
[EventType "tourn"]
[EventRounds "13"]
[EventCountry "CUB"]
[EventCategory "6"]
[SourceTitle "CBM 100 Extra"]
[Source "ChessBase"]
[SourceDate "2004.07.06"]
[SourceVersion "2"]
[SourceVersionDate "2004.07.06"]
[SourceQuality "1"]

1. e4 c5 2. Nf3 e6 3. d4 cxd4 4. Nxd4 a6 5. c4 Nf6 6. Nc3 Qc7 7. a3 b6 8. Be3 Bb7 9. f3 Nc6 10. Be2 Be7 11. Rc1 0-0 12. 0-0 Bd6 13. g3 Bxg3 14. hxg3 Qxg3+ 15. Kh1 Ng4 16. Bf4 Qxf4 17. fxg4 Qg3 18. Nf3 Ne5 19. Nxe5 Qh3+ 20. Kg1 Qg3+ 21. Kh1 1/2-1/2

[Event "Las Tunas"]
[Site "Las Tunas"]
[Date "2002.07.30"]
[Round "5"]
[White "Gongora Reyes, Maikel"]
[Black "Garcia, Omar Alejandro"]
[Result "0-1"]
[WhiteElo "2406"]
[BlackElo "2336"]
[PlyCount "68"]
[EventDate "2002.07.27"]
[EventType "tourn"]
[EventRounds "10"]
[EventCountry "CUB"]
[EventCategory "1"]
[SourceTitle "CBM 089 Extra"]
[Source "ChessBase"]
[SourceDate "2002.09.10"]
[SourceVersion "2"]
[SourceVersionDate "2002.09.10"]
[SourceQuality "1"]

1. e4 c5 2. Nf3 e6 3. d4 cxd4 4. Nxd4 a6 5. Bd3 Nf6 6. 0-0 Qc7 7. Qe2 d6 8. c4 Nbd7 9. f4 g6 10. f5 e5 11. Nc2 Be7 12. Nc3 gxf5 13. exf5 b6 14. Bg5 Bb7 15. Bxf6 Nxf6 16. Ne4 Rc8 17. b3 Bxe4 18. Bxe4 d5 19. Bf3 e4 20. Bh5 d4 21. Qd1 d3 22. Ne1 Rg8 23. Kh1 Rd8 24. g4 Qe5 25. Ng2 e3 26. Nxe3 Qxe3 27. Re1 Qf4 28. g5 Rxg5 29. Bf3 Kf8 30. Rf1 Bd6 31. Rf2 Bc5 32. Rg2 Rxg2 33. Kxg2 Ke7 34. Qe1+ Kd6 0-1

[Event "CUB-ch sf"]
[Site "Cuba"]
[Date "2000.??.??"]
[Round "?"]
[White "Garcia, Omar Alejandro"]
[Black "Ravelo Gil, Eddy"]
[Result "1/2-1/2"]
[WhiteElo "2372"]
[BlackElo "2355"]
[PlyCount "86"]
[EventDate "2000.??.??"]
[EventType "tourn"]
[EventRounds "12"]
[EventCountry "CUB"]
[SourceTitle "EXT 2001"]
[Source "ChessBase"]
[SourceDate "2000.11.22"]
[SourceVersion "1"]
[SourceVersionDate "2000.11.22"]
[SourceQuality "1"]

1. e4 Nc6 2. Nf3 d6 3. d4 Nf6 4. Nc3 Bg4 5. Be3 a6 6. Be2 e6 7. 0-0 Be7 8. h3 Bh5 9. Nd2 Bxe2 10. Qxe2 d5 11. e5 Nd7 12. f4 g6 13. Nf3 Na5 14. Nd1 Nc4 15. Bf2 c5 16. c3 Rc8 17. b3 Na3 18. Ne3 cxd4 19. cxd4 Qb6 20. Rac1 0-0 21. f5 Qb5 22. Qxb5 Nxb5 23. f6 Ba3 24. Rce1 Bb4 25. Rc1 Ba3 26. Rce1 Rfe8 27. Ng4 Bf8 28. Be3 Nb8 29. Bh6 Rc7 30. Rc1 Rec8 31. Rxc7 Rxc7 32. Kh2 Nc6 33. Rd1 Nc3 34. Rd2 Ne4 35. Rc2 Bxh6 36. Nxh6+ Kf8 37. Kg1 Ke8 38. Kf1 Kd8 39. Ke2 Ke8 40. Ke3 Kd8 41. h4 Kc8 42. a3 Nd8 43. Rxc7+ Kxc7 1/2-1/2

[Event "Tunas 14 June"]
[Site "Tunas"]
[Date "1998.??.??"]
[Round "?"]
[White "Guerra, Pablo"]
[Black "Garcia, Omar Alejandro"]
[Result "0-1"]
[WhiteElo "2380"]
[BlackElo "2325"]
[PlyCount "64"]
[EventDate "1998.??.??"]
[EventType "tourn"]
[EventRounds "11"]
[EventCountry "CUB"]
[SourceTitle "EXT 2002"]
[Source "ChessBase"]
[SourceDate "2001.11.25"]
[SourceVersion "1"]
[SourceVersionDate "2001.11.25"]
[SourceQuality "1"]

1. c4 c5 2. Nf3 Nc6 3. d4 cxd4 4. Nxd4 Nf6 5. Nc3 e6 6. g3 Qb6 7. Nb3 Ne5 8. e4 Bb4 9. Qe2 d6 10. f4 Nc6 11. Be3 Bxc3+ 12. bxc3 Qc7 13. Bg2 b6 14. e5 dxe5 15. fxe5 Nd7 16. Nd4 Nxd4 17. cxd4 Bb7 18. Bxb7 Qxb7 19. 0-0 0-0 20. Qg4 Kh8 21. Rf4 Qc6 22. Qh5 Qxc4 23. Rh4 Qd3 24. Qf3 Rad8 25. Rf4 f6 26. exf6 Nxf6 27. Rd1 Qa3 28. Qe2 Nd5 29. Rxf8+ Rxf8 30. Bf2 Nc3 31. Qe3 Rxf2 32. Qxf2 Nxd1 0-1

[Event "Tunas 14 June"]
[Site "Tunas"]
[Date "1998.??.??"]
[Round "?"]
[White "Rodriguez, Dagoberto"]
[Black "Garcia, Omar Alejandro"]
[Result "1/2-1/2"]
[WhiteElo "2330"]
[BlackElo "2325"]
[PlyCount "51"]
[EventDate "1998.??.??"]
[EventType "tourn"]
[EventRounds "11"]
[EventCountry "CUB"]
[SourceTitle "EXT 2002"]
[Source "ChessBase"]
[SourceDate "2001.11.25"]
[SourceVersion "1"]
[SourceVersionDate "2001.11.25"]
[SourceQuality "1"]

1. Nf3 Nf6 2. c4 e6 3. Nc3 d5 4. d4 Be7 5. Bg5 h6 6. Bxf6 Bxf6 7. e3 0-0 8. Be2 c6 9. Qc2 Nd7 10. Rd1 g6 11. 0-0 Bg7 12. b4 dxc4 13. Bxc4 Qe7 14. b5 Nb6 15. Be2 cxb5 16. Bxb5 Bd7 17. Bxd7 Qxd7 18. Qb3 Rfc8 19. Rc1 Nc4 20. a4 b6 21. Ne2 Na5 22. Qa2 Rxc1 23. Rxc1 Rc8 24. Rxc8+ Qxc8 25. h3 Qc6 26. Ne1 1/2-1/2

[Event "Sitges op"]
[Site "Sitges"]
[Date "1995.??.??"]
[Round "7"]
[White "Dominguez Rueda, Juan"]
[Black "Garcia, Omar Alejandro"]
[Result "1-0"]
[WhiteElo "2265"]
[BlackElo "2230"]
[PlyCount "63"]
[EventDate "1995.??.??"]
[EventType "swiss"]
[EventRounds "9"]
[EventCountry "ESP"]
[SourceTitle "EXT 1997"]
[Source "ChessBase"]
[SourceDate "1996.11.15"]
[SourceVersion "1"]
[SourceVersionDate "1996.11.15"]
[SourceQuality "1"]

1. e4 d6 2. d4 Nf6 3. Nc3 g6 4. f4 Bg7 5. Nf3 c5 6. d5 0-0 7. Bd3 e6 8. 0-0 exd5 9. exd5 a6 10. a4 Qc7 11. Bc4 Re8 12. Re1 Rxe1+ 13. Qxe1 Bg4 14. Qf2 Nbd7 15. h3 Nb6 16. hxg4 Nxc4 17. g5 Ng4 18. Qe2 Nce3 19. Bxe3 Bxc3 20. bxc3 Qe7 21. Ne5 Nxe3 22. Ng4 Nxd5 23. Qd2 Nc7 24. Re1 Ne6 25. Nf6+ Kh8 26. g4 h6 27. f5 gxf5 28. gxf5 hxg5 29. Qh2+ Kg7 30. Ng4 Kg8 31. Qh6 Qf8 32. Nf6# 1-0

[Event "CUB-ch sf"]
[Site "Villa Clara"]
[Date "1995.??.??"]
[Round "6"]
[White "Garcia, Omar Alejandro"]
[Black "Espinosa, Julio Manuel"]
[Result "1/2-1/2"]
[WhiteElo "2345"]
[BlackElo "2380"]
[PlyCount "37"]
[EventDate "1995.??.??"]
[EventType "swiss"]
[EventRounds "9"]
[EventCountry "CUB"]
[SourceTitle "EXT 1997"]
[Source "ChessBase"]
[SourceDate "1996.11.15"]
[SourceVersion "1"]
[SourceVersionDate "1996.11.15"]
[SourceQuality "1"]

1. e4 e5 2. Nf3 Nc6 3. Bc4 Be7 4. c3 Nf6 5. d3 0-0 6. b4 d5 7. exd5 Nxd5 8. 0-0 Bf6 9. Ng5 Bxg5 10. Bxg5 Qxg5 11. Bxd5 Ne7 12. Be4 Bg4 13. Qd2 Qh5 14. f3 Be6 15. f4 c6 16. Bf3 Qf5 17. Be4 Qh5 18. Bf3 Qf5 19. Be4 1/2-1/2

[Event "CUB-ch sf"]
[Site "Villa Clara"]
[Date "1995.??.??"]
[Round "8"]
[White "Pecorelli Garcia, Humberto"]
[Black "Garcia, Omar Alejandro"]
[Result "1/2-1/2"]
[WhiteElo "2400"]
[BlackElo "2345"]
[PlyCount "158"]
[EventDate "1995.??.??"]
[EventType "swiss"]
[EventRounds "9"]
[EventCountry "CUB"]
[SourceTitle "EXT 1997"]
[Source "ChessBase"]
[SourceDate "1996.11.15"]
[SourceVersion "1"]
[SourceVersionDate "1996.11.15"]
[SourceQuality "1"]

1. d4 c5 2. d5 Nf6 3. c4 b5 4. cxb5 a6 5. f3 axb5 6. e4 Qa5+ 7. Bd2 b4 8. Na3 d6 9. Nc4 Qd8 10. Bg5 h6 11. Bh4 g5 12. Bf2 Bg7 13. Bd3 0-0 14. Ne2 e6 15. dxe6 Bxe6 16. 0-0 Nc6 17. a4 bxa3 18. bxa3 Nd7 19. Rc1 Nde5 20. Nxe5 Nxe5 21. Rc3 Qa5 22. Be1 Qb6 23. Bc2 Nc4 24. f4 Bxc3 25. Bxc3 Ne3 26. Qc1 Nxf1 27. fxg5 c4+ 28. Kxf1 Qc5 29. gxh6 Qh5 30. Ng3 Qh4 31. Kg1 f6 32. a4 Qg5 33. Bd2 Qe5 34. Qe1 Rac8 35. Bc3 Qg5 36. h7+ Kh8 37. a5 Rc7 38. Ne2 Qe3+ 39. Qf2 Qxf2+ 40. Kxf2 Rxh7 41. Nf4 Re8 42. Bxf6+ Kg8 43. Bd4 Rf8 44. Ke3 Rxf4 45. Kxf4 Rxh2 46. a6 Bc8 47. a7 Bb7 48. Kg3 Rh1 49. Bb2 Kf7 50. Kf2 Ke6 51. Ke3 Rh2 52. Bc3 Rxg2 53. Bb1 Rg3+ 54. Kd4 Rg1 55. Bc2 Rg2 56. Bb1 Rg4 57. Kxc4 d5+ 58. Kc5 dxe4 59. Ba2+ Kd7 60. Kd4 Rg1 61. Bb3 Rg6 62. Bc4 Rh6 63. Bd2 Rd6+ 64. Kc3 Rg6 65. Kd4 Rg2 66. Bf4 Rg1 67. Be3 Ra1 68. Ke5 Ra5+ 69. Kf4 Kd6 70. Bb3 Ra1 71. Bc4 Ra4 72. Bf7 Ra3 73. Bh5 Rc3 74. Bf2 Rh3 75. Bg4 Ra3 76. Be3 Kd5 77. Be2 Rc3 78. Bh5 Kc4 79. Be2+ Kb3 1/2-1/2

[Event "Isla Guitart op"]
[Site "Isla Guitart "]
[Date "1994.??.??"]
[Round "?"]
[White "Garcia, Omar Alejandro"]
[Black "Chaviano Espina, Miguel Orlando"]
[Result "1/2-1/2"]
[WhiteElo "2310"]
[BlackElo "2310"]
[PlyCount "36"]
[EventDate "1994.??.??"]
[EventType "swiss"]
[EventRounds "9"]
[EventCountry "CUB"]
[SourceTitle "EXT 2000"]
[Source "ChessBase"]
[SourceDate "1999.11.16"]
[SourceVersion "1"]
[SourceVersionDate "1999.11.16"]
[SourceQuality "1"]

1. e4 g6 2. d4 Bg7 3. Nf3 d6 4. Bd3 Nc6 5. c3 e5 6. Bg5 Nf6 7. 0-0 h6 8. Bc1 0-0 9. Nbd2 Nh5 10. Nb3 Qf6 11. d5 Ne7 12. Re1 Nf4 13. Bxf4 Qxf4 14. g3 Qg4 15. Bf1 f5 16. h3 Qh5 17. Bg2 Kh8 18. Nbd2 g5 1/2-1/2

[Event "Isla Guitart op"]
[Site "Isla Guitart "]
[Date "1994.??.??"]
[Round "?"]
[White "Garcia Carey, Osmel"]
[Black "Garcia, Omar Alejandro"]
[Result "1-0"]
[WhiteElo "2365"]
[BlackElo "2310"]
[PlyCount "93"]
[EventDate "1994.??.??"]
[EventType "swiss"]
[EventRounds "9"]
[EventCountry "CUB"]
[SourceTitle "EXT 2000"]
[Source "ChessBase"]
[SourceDate "1999.11.16"]
[SourceVersion "1"]
[SourceVersionDate "1999.11.16"]
[SourceQuality "1"]

1. e4 c5 2. Nf3 e6 3. d4 cxd4 4. Nxd4 a6 5. Bd3 b6 6. Qe2 Bb7 7. f4 Ne7 8. Nc3 Nbc6 9. Nf3 Ng6 10. Be3 Bb4 11. 0-0 Bc5 12. Bxc5 bxc5 13. Qe3 d6 14. Rad1 Qe7 15. Rf2 0-0 16. Rdf1 Nd4 17. Nd1 Nxf3+ 18. Rxf3 Rac8 19. Rh3 e5 20. f5 Nf4 21. Rg3 c4 22. Be2 f6 23. Nc3 d5 24. exd5 Nxd5 25. Nxd5 Bxd5 26. Rd1 Rfd8 27. Qb6 Bf7 28. Rxd8+ Rxd8 29. Qxa6 Qb4 30. h3 h5 31. Qxf6 Qe1+ 32. Bf1 Qxg3 33. Qxd8+ Kh7 34. Qd2 e4 35. Qf2 Qe5 36. Qe3 Qxf5 37. b3 c3 38. Qxc3 Qf4 39. Qd4 Bg6 40. Qf2 Qc1 41. c4 e3 42. Qe2 Qc3 43. b4 Qd4 44. c5 Kh6 45. Kh1 Be4 46. a4 Ba8 47. Qa6+ 1-0